A comparative empirical study on social media sentiment analysis over various genres and languages

Elmentve itt :
Bibliográfiai részletek
Szerzők: Hangya Viktor
Farkas Richárd
Dokumentumtípus: Cikk
Megjelent: 2017
Sorozat:ARTIFICIAL INTELLIGENCE REVIEW 47 No. 4
doi:10.1007/s10462-016-9489-3

mtmt:3078022
Online Access:http://publicatio.bibl.u-szeged.hu/8820
LEADER 00726nab a2200205 i 4500
001 publ8820
005 20190607105136.0
008 170405s2017 hu o 0|| angol d
022 |a 0269-2821 
024 7 |a 10.1007/s10462-016-9489-3  |2 doi 
024 7 |a 3078022  |2 mtmt 
040 |a SZTE Publicatio Repozitórium  |b hun 
041 |a angol 
100 1 |a Hangya Viktor 
245 1 2 |a A comparative empirical study on social media sentiment analysis over various genres and languages  |h [elektronikus dokumentum] /  |c  Hangya Viktor 
260 |c 2017 
300 |a 485-505 
490 0 |a ARTIFICIAL INTELLIGENCE REVIEW  |v 47 No. 4 
700 0 1 |a Farkas Richárd  |e aut 
856 4 0 |u http://publicatio.bibl.u-szeged.hu/8820/1/paper.pdf  |z Dokumentum-elérés